| 000 | 00620nam a2200217Ia 4500 | ||
|---|---|---|---|
| 008 | 220204s9999 xx 000 0 und d | ||
| 082 |
_a581.5 _bLEV.2 |
||
| 100 | _aLEVITT, J | ||
| 245 | 0 | _aResponses of plants to environmental stresses. V 2. Water, radiation, salt and other stresses | |
| 250 | _aEd.2 | ||
| 260 |
_aNew York _bAcademic _c1980 |
||
| 490 | _aPhysiological ecology | ||
| 650 | _aEnvironmental stress | ||
| 650 | _aMan-made stress | ||
| 650 | _aMinor natural stress | ||
| 650 | _aRadiation stress | ||
| 650 | _aSalt stress | ||
| 650 | _aStress response | ||
| 650 | _aWater stress | ||
| 942 | _cBK | ||
| 999 |
_c36643 _d36643 |
||